000 00429nam a2200157 4500
001 43295
090 _a43295
100 _a20240624 pory50
101 _apor
102 _aPT
200 _aO livro dos porquês
_e75 perguntas fascinantes sobre a Natureza
_fdir. ed. Jean-michel d ' Oultremont
210 _a[S.l.]
_cAlêtheia
_cdist. Pingo Doce
_d[S.d.]
215 _a61 p.
_cil.
675 _a502
801 _aPT
_gRPC
990 _cLIVROS